01010nam a2200241 a 450000100100000000500170001000800410002704000250006808200190009310000370011224501000014926000330024930000210028250000550030359000260035865000270038465000310041170000320044291000370047495201170051195201230062899900170075100001317920240530073916.0091120s1995 dr 001 f spa d aDO-SdBNPbspacBNPHU aRD863.44bU15c1 aUbiñas Renville, Guaroa91887113aEl cruce de las siete veredas :bnovela /cGuaroa Ubiñas Renville ; prólogo Jesús Díaz. aSanto Domingo :bPaz,c1995. a124 p. ;c21 cm. aIncluye datos biográficos del autor en la solapa aInventariado, 2020/YL 0aNovela dominicana9223 0aLiteratura dominicana.96712aDíaz, Jesúseed.930260 aValidado. Control de calidad MFF 0010718PDaPDbPDcHDd2009-11-20iLF1l0oRD863.44 U15cp13179-10r2020-06-25w2020-06-25yLFPDZNo se presta 0010718PDaPDbPDcHDd2009-11-20iLF1l0oRD863.44 U15cp13179-20r2020-06-25te. 2w2020-06-25yLFPDZNo se presta c12818d12818